[Event "Liberec Region-chT 2223"]
[Site "Czech Republic"]
[Date "2023.01.15"]
[Round "6.1"]
[White "Duda, Antonin"]
[Black "Habenicht, Martin"]
[Result "1-0"]
[WhiteElo "2053"]
[BlackElo "2003"]
[PlyCount "61"]
[EventDate "2022.10.09"]
[EventType "team-tourn"]
[EventRounds "11"]
[EventCountry "CZE"]
[SourceTitle "EXT 2024"]
[Source "ChessBase"]
[SourceDate "2023.10.10"]
[SourceVersion "1"]
[SourceVersionDate "2023.10.10"]
[SourceQuality "1"]

1. e4 d5 2. exd5 Nf6 3. Nf3 Qxd5 4. Nc3 Qa5 5. d4 Nc6 6. Bd2 a6 7. Bc4 Qh5 8. Ne2 Bg4 9. Ng5 e6 10. f3 Bf5 11. h4 Bd6 12. Bf4 Qg6 13. Bxd6 Bxc2 14. Qd2 cxd6 15. Nf4 Qf5 16. Bxe6 fxe6 17. Ngxe6 Kd7 18. 0-0 Rhg8 19. Rac1 Rae8 20. Rfe1 Ba4 21. g4 Qb5 22. b3 Bxb3 23. axb3 Nd5 24. h5 g5 25. hxg6 hxg6 26. Qc2 Nxf4 27. Nxf4 Rxe1+ 28. Rxe1 Qb4 29. Re4 Re8 30. Nd5 Nxd4 31. Qc7# 1-0

[Event "Liberec Region-chT 2223"]
[Site "Czech Republic"]
[Date "2022.10.09"]
[Round "1.1"]
[White "Duda, Antonin"]
[Black "Jares, Jiri"]
[Result "1-0"]
[WhiteElo "2025"]
[BlackElo "2016"]
[PlyCount "57"]
[EventDate "2022.10.09"]
[EventType "team-tourn"]
[EventRounds "11"]
[EventCountry "CZE"]
[SourceTitle "EXT 2024"]
[Source "ChessBase"]
[SourceDate "2023.10.10"]
[SourceVersion "1"]
[SourceVersionDate "2023.10.10"]
[SourceQuality "1"]

1. e4 c5 2. Nf3 Nf6 3. e5 Nd5 4. Nc3 e6 5. Nxd5 exd5 6. d4 c4 7. g3 d6 8. Bg2 Be7 9. 0-0 0-0 10. b3 c3 11. Qd3 Qa5 12. Bg5 Bxg5 13. Nxg5 g6 14. e6 fxe6 15. Rae1 Nc6 16. Nxe6 Nb4 17. Qxc3 Bxe6 18. Rxe6 Rac8 19. Qe3 Nxc2 20. Qh6 Rf7 21. Rc1 Qb5 22. Qd2 Rfc7 23. Rxd6 Nxd4 24. Rxc7 Ne2+ 25. Qxe2 Qxe2 26. Bxd5+ Kf8 27. Rxc8+ Kg7 28. Rc7+ Kh6 29. h4 1-0

[Event "Pardubice Czech op-E 33rd"]
[Site "Pardubice"]
[Date "2022.07.15"]
[Round "3.4"]
[White "Duda, Antonin"]
[Black "Gnojek, Petr"]
[Result "1-0"]
[WhiteElo "2038"]
[BlackElo "2295"]
[PlyCount "73"]
[EventDate "2022.07.14"]
[EventType "team-swiss"]
[EventRounds "7"]
[EventCountry "CZE"]
[SourceTitle "CBM 209 Extra"]
[Source "ChessBase"]
[SourceDate "2022.09.30"]
[SourceVersion "1"]
[SourceVersionDate "2022.09.30"]
[SourceQuality "1"]
[WhiteTeam "Turnov Zikuda III"]
[BlackTeam "Beskydy Chess School J"]
[WhiteTeamCountry "CZE"]
[BlackTeamCountry "CZE"]

1. e4 d6 2. d4 Nf6 3. Nc3 g6 4. Be3 a6 5. a4 Bg7 6. Qd2 Nbd7 7. Bh6 Bxh6 8. Qxh6 e5 9. Nge2 Qe7 10. f3 b6 11. 0-0-0 Bb7 12. Kb1 0-0-0 13. Qe3 Kb8 14. Nc1 exd4 15. Qxd4 Ne5 16. Qb4 Qe6 17. Nb3 Rhe8 18. Be2 a5 19. Qd4 Nc6 20. Qd2 Nb4 21. Rhe1 d5 22. Bb5 Rf8 23. Nd4 Qe7 24. e5 Ne8 25. Na2 Nxa2 26. Kxa2 c5 27. Bxe8 Qxe8 28. e6 Qxa4+ 29. Kb1 Rc8 30. e7 Rfe8 31. Ne2 Rxe7 32. Nc3 Qe8 33. Qf4+ Ka8 34. Rxe7 Qxe7 35. Nxd5 Bxd5 36. Rxd5 Rd8 37. Qe4 1-0

[Event "CZE-ch Betsys Online Blitz"]
[Site "Chess.com INT"]
[Date "2021.04.17"]
[Round "2"]
[White "Duda, Antonin"]
[Black "Krivanek, Vladimir"]
[Result "1-0"]
[WhiteElo "2028"]
[BlackElo "2180"]
[PlyCount "57"]
[EventDate "2021.04.17"]
[EventType "swiss (blitz)"]
[EventRounds "13"]
[EventCountry "CZE"]
[SourceTitle "CBM 201 Extra"]
[Source "ChessBase"]
[SourceDate "2021.05.31"]
[SourceVersion "1"]
[SourceVersionDate "2021.05.31"]
[SourceQuality "1"]

1. e4 e6 2. d4 d5 3. Nc3 Nf6 4. e5 Nfd7 5. f4 c5 6. Nf3 Nc6 7. Be3 Be7 8. Qd2 0-0 9. 0-0-0 a6 10. h4 c4 11. h5 b5 12. Ne2 b4 13. c3 Qa5 14. Kb1 Rb8 15. Ka1 b3 16. Nc1 bxa2 17. f5 Qa4 18. fxe6 fxe6 19. Ng5 Bxg5 20. Bxg5 Na5 21. h6 g6 22. Be2 Nb3+ 23. Nxb3 Qxb3 24. Rdf1 Bb7 25. Be7 Rf7 26. Rxf7 Kxf7 27. Bd6 Rc8 28. Rf1+ Kg8 29. Qf4 1-0

[Event "CZE-ch Betsys Online Blitz"]
[Site "Chess.com INT"]
[Date "2021.04.17"]
[Round "4"]
[White "Duda, Antonin"]
[Black "Vykouk, Jan"]
[Result "1/2-1/2"]
[WhiteElo "2028"]
[BlackElo "2442"]
[PlyCount "89"]
[EventDate "2021.04.17"]
[EventType "swiss (blitz)"]
[EventRounds "13"]
[EventCountry "CZE"]
[SourceTitle "CBM 201 Extra"]
[Source "ChessBase"]
[SourceDate "2021.05.31"]
[SourceVersion "1"]
[SourceVersionDate "2021.05.31"]
[SourceQuality "1"]

1. e4 c5 2. Nf3 d6 3. d4 cxd4 4. Nxd4 Nf6 5. Nc3 a6 6. a3 e6 7. g3 b5 8. Bg2 Bb7 9. 0-0 Qc7 10. g4 Nc6 11. g5 Nd7 12. Nb3 Be7 13. f4 0-0 14. Rf3 Rfe8 15. Rh3 g6 16. Qg4 Rad8 17. Qh4 h5 18. Bf3 Kg7 19. f5 Nce5 20. f6+ Nxf6 21. gxf6+ Bxf6 22. Qf2 d5 23. Bf4 dxe4 24. Bxe4 Qe7 25. Rf1 Ng4 26. Qf3 Bxc3 27. bxc3 Bxe4 28. Qxe4 e5 29. Be3 f5 30. Qf3 f4 31. Bc5 Qg5 32. Kh1 Qf5 33. Rh4 Qxc2 34. Nc1 Qf5 35. Ne2 e4 36. Qxf4 Qxc5 37. Qf7+ Kh6 38. Nf4 Qf5 39. Rxh5+ Qxh5 40. Nxh5 gxh5 41. Qf4+ Kg6 42. Qf5+ Kh6 43. Qf4+ Kg6 44. Qf5+ Kh6 45. Qf4+ 1/2-1/2

[Event "CZE-chT2D 1819"]
[Site "Czech Republic"]
[Date "2019.01.27"]
[Round "7.7"]
[White "Kokes, Bohuslav"]
[Black "Duda, Antonin"]
[Result "1/2-1/2"]
[WhiteElo "1995"]
[BlackElo "2055"]
[PlyCount "124"]
[EventDate "2018.10.14"]
[EventType "team-tourn"]
[EventRounds "11"]
[EventCountry "CZE"]
[SourceTitle "EXT 2022"]
[Source "ChessBase"]
[SourceDate "2021.10.06"]
[SourceVersion "1"]
[SourceVersionDate "2021.10.06"]
[SourceQuality "1"]
[WhiteTeam "Chrudim"]
[BlackTeam "Kutna Hora"]
[WhiteTeamCountry "CZE"]
[BlackTeamCountry "CZE"]

1. e4 c5 2. Nf3 d6 3. d4 cxd4 4. Nxd4 Nf6 5. Nc3 g6 6. f3 Bg7 7. Be3 0-0 8. Qd2 Nc6 9. 0-0-0 d5 10. exd5 Nxd5 11. Nxc6 bxc6 12. Bd4 Bxd4 13. Qxd4 Qb6 14. Na4 Qc7 15. c4 Nf4 16. g3 Ne6 17. Qe3 Rb8 18. Bh3 Qa5 19. b3 Qb4 20. Rd2 Qa3+ 21. Kd1 Rd8 22. Nc3 Rxd2+ 23. Qxd2 Rb7 24. Bxe6 Bxe6 25. Qc1 Qc5 26. Ke2 Rd7 27. Ne4 Qe5 28. Qc3 Rd4 29. Qe3 Bf5 30. Nf2 Qd6 31. Rd1 e5 32. Rxd4 exd4 33. Qe8+ Kg7 34. Nd3 Be6 35. c5 Qd5 36. Qb8 Kf6 37. Qxa7 Bf5 38. Qa6 Qe6+ 39. Kd1 Kg7 40. Nf4 Qe3 41. Qe2 Qc3 42. g4 Qa1+ 43. Kd2 Qb2+ 44. Ke1 Qc1+ 45. Kf2 Qxf4 46. gxf5 Qxh2+ 47. Ke1 Qg1+ 48. Kd2 Qg5+ 49. Kd3 Qxf5+ 50. Qe4 Qc8 51. a4 h5 52. Kxd4 g5 53. Ke3 h4 54. Kf2 Qd7 55. Kg2 Qd2+ 56. Kh3 Qd7+ 57. Qg4 Qd8 58. b4 Kh6 59. Qe4 Qd7+ 60. Kg2 Qd2+ 61. Kh3 Qd7+ 62. Kg2 Qd2+ 1/2-1/2

[Event "CZE-chT2B 1718"]
[Site "Czech Republic"]
[Date "2018.03.18"]
[Round "10.2"]
[White "Schula, Michal"]
[Black "Duda, Antonin"]
[Result "1-0"]
[WhiteElo "2315"]
[BlackElo "2065"]
[PlyCount "81"]
[EventDate "2017.10.15"]
[EventType "team-tourn"]
[EventRounds "11"]
[EventCountry "CZE"]
[SourceTitle "EXT 2022"]
[Source "ChessBase"]
[SourceDate "2021.10.06"]
[SourceVersion "1"]
[SourceVersionDate "2021.10.06"]
[SourceQuality "1"]
[WhiteTeam "Neratovice III"]
[BlackTeam "Liberec Slavia"]
[WhiteTeamCountry "CZE"]
[BlackTeamCountry "CZE"]

1. e4 c5 2. Nf3 d6 3. d4 cxd4 4. Qxd4 a6 5. c4 Nc6 6. Qe3 Nf6 7. h3 g6 8. Be2 Bg7 9. 0-0 0-0 10. Nc3 Bd7 11. Rb1 Ne8 12. Nd5 b5 13. b4 Nc7 14. Bb2 Rb8 15. Bxg7 Kxg7 16. Rfd1 Ne6 17. e5 Rb7 18. a3 Qb8 19. exd6 exd6 20. h4 h5 21. Ng5 Ne5 22. Qc3 f6 23. Ne4 Bc6 24. cxb5 Bxd5 25. Rxd5 Nf4 26. Rd2 Nxe2+ 27. Rxe2 d5 28. Nc5 Rxb5 29. Ne6+ Kf7 30. Nxf8 Kxf8 31. a4 Rb7 32. Qc5+ Kg7 33. b5 Ng4 34. g3 Rd7 35. Re7+ Rxe7 36. Qxe7+ Kh6 37. b6 g5 38. hxg5+ Kxg5 39. Qc7 Qe8 40. Qf4+ Kg6 41. b7 1-0

[Event "CZE-chT2B 1718"]
[Site "Czech Republic"]
[Date "2017.12.03"]
[Round "4.2"]
[White "Duda, Antonin"]
[Black "Kucera, Petr3333"]
[Result "0-1"]
[WhiteElo "2065"]
[BlackElo "2234"]
[PlyCount "80"]
[EventDate "2017.10.15"]
[EventType "team-tourn"]
[EventRounds "11"]
[EventCountry "CZE"]
[SourceTitle "EXT 2022"]
[Source "ChessBase"]
[SourceDate "2021.10.06"]
[SourceVersion "1"]
[SourceVersionDate "2021.10.06"]
[SourceQuality "1"]
[WhiteTeam "Liberec Slavia"]
[BlackTeam "Turnov Zikuda II"]
[WhiteTeamCountry "CZE"]
[BlackTeamCountry "CZE"]

1. e4 d5 2. exd5 Nf6 3. Nc3 Nxd5 4. Bc4 Nb6 5. Bb3 Nc6 6. Nf3 Bf5 7. 0-0 e6 8. Re1 Na5 9. Ne5 Be7 10. Ne4 0-0 11. d4 Rc8 12. c3 Nxb3 13. axb3 a6 14. b4 Qd5 15. Ra5 Qd8 16. Qf3 Nd5 17. Bd2 c6 18. g4 Bxe4 19. Qxe4 f5 20. gxf5 exf5 21. Qe2 Bd6 22. Qf3 Rc7 23. Kh1 Re7 24. Raa1 Ree8 25. Nd3 Qf6 26. c4 Ne7 27. Bf4 Qxd4 28. Rad1 Ng6 29. Bxd6 Qxd6 30. Rxe8 Rxe8 31. Nc5 Qe5 32. Nxb7 Nh4 33. Qd3 Qe1+ 34. Qf1 Qe4+ 35. Kg1 Nf3+ 36. Kh1 Nh4+ 37. Kg1 Qg4+ 38. Kh1 Qf3+ 39. Kg1 Re6 40. Rd8+ Kf7 0-1

[Event "Liberec op 17th"]
[Site "Liberec"]
[Date "2017.02.26"]
[Round "2"]
[White "Czarniecka, Aleksandra"]
[Black "Duda, Antonin"]
[Result "1/2-1/2"]
[WhiteElo "1728"]
[BlackElo "2079"]
[PlyCount "55"]
[EventDate "2017.02.25"]
[EventType "swiss"]
[EventRounds "9"]
[EventCountry "CZE"]
[SourceTitle "CBM 177 Extra"]
[Source "ChessBase"]
[SourceDate "2017.04.27"]
[SourceVersion "1"]
[SourceVersionDate "2017.04.27"]
[SourceQuality "1"]

1. e4 c5 2. Nf3 d6 3. d4 cxd4 4. Nxd4 Nf6 5. Nc3 g6 6. Be3 Bg7 7. f3 0-0 8. Qd2 Nc6 9. Bc4 Bd7 10. 0-0-0 Rc8 11. Bb3 Nxd4 12. Bxd4 b5 13. Nd5 Nxd5 14. Bxg7 Kxg7 15. Bxd5 a5 16. h4 e6 17. h5 exd5 18. hxg6 hxg6 19. Qh6+ Kf6 20. Qh4+ Kg7 21. Qh6+ Kf6 22. Qh4+ Kg7 23. Qh6+ Kf6 24. Qh4+ Kg7 25. Qh6+ Kf6 26. Qh4+ Kg7 27. Qh6+ Kf6 28. Qh4+ 1/2-1/2

[Event "Liberec op 16th"]
[Site "Liberec"]
[Date "2016.02.20"]
[Round "9"]
[White "Duda, Antonin"]
[Black "Chudinovskih, Alexander N"]
[Result "0-1"]
[WhiteElo "2034"]
[BlackElo "2257"]
[PlyCount "72"]
[EventDate "2016.02.13"]
[EventType "swiss"]
[EventRounds "9"]
[EventCountry "CZE"]
[SourceTitle "CBM 170 Extra"]
[Source "ChessBase"]
[SourceDate "2016.02.25"]
[SourceVersion "1"]
[SourceVersionDate "2016.02.25"]
[SourceQuality "1"]

1. e4 e5 2. Nf3 Nc6 3. Bb5 a6 4. Ba4 Nf6 5. 0-0 Be7 6. Re1 b5 7. Bb3 0-0 8. c3 d6 9. h3 Nd7 10. d4 Bf6 11. Qd3 Bb7 12. Nbd2 Re8 13. Nf1 exd4 14. cxd4 Nb4 15. Qd2 c5 16. d5 a5 17. a3 Na6 18. Bc2 c4 19. Nd4 b4 20. Qd1 b3 21. Bb1 Nac5 22. Ng3 Ne5 23. Ndf5 g6 24. Nh6+ Kg7 25. Ng4 Nxg4 26. Qxg4 Bc8 27. Qe2 Ba6 28. Qg4 Kh8 29. Kh2 Rb8 30. f4 c3 31. e5 dxe5 32. Be4 cxb2 33. Bxb2 exf4 34. Bxf6+ Qxf6 35. Nh5 gxh5 36. Qf5 Nxe4 0-1

[Event "Liberec op 16th"]
[Site "Liberec"]
[Date "2016.02.14"]
[Round "2"]
[White "Ochman, Tomas"]
[Black "Duda, Antonin"]
[Result "1/2-1/2"]
[WhiteElo "1839"]
[BlackElo "2034"]
[PlyCount "66"]
[EventDate "2016.02.13"]
[EventType "swiss"]
[EventRounds "9"]
[EventCountry "CZE"]
[SourceTitle "CBM 170 Extra"]
[Source "ChessBase"]
[SourceDate "2016.02.25"]
[SourceVersion "1"]
[SourceVersionDate "2016.02.25"]
[SourceQuality "1"]

1. e4 c5 2. Nf3 d6 3. d4 cxd4 4. Nxd4 Nf6 5. Nc3 g6 6. Be2 Bg7 7. Be3 0-0 8. 0-0 Nc6 9. Nxc6 bxc6 10. Qd2 d5 11. exd5 cxd5 12. Bd4 Ne4 13. Nxe4 dxe4 14. c3 e5 15. Be3 Be6 16. Qxd8 Rfxd8 17. Rfd1 a5 18. b3 Bf8 19. Rxd8 Rxd8 20. Rd1 Rc8 21. c4 f5 22. Bb6 Bb4 23. Rd8+ Kf7 24. Rxc8 Bxc8 25. a3 Bc3 26. c5 g5 27. c6 Ke6 28. Bb5 f4 29. Kf1 f3 30. Be3 g4 31. g3 Kd6 32. Bb6 Bd2 33. Kg1 Bc3 1/2-1/2

[Event "Pardubice op rap 25th"]
[Site "Pardubice"]
[Date "2014.07.16"]
[Round "2"]
[White "Belousov, Gennadiy"]
[Black "Duda, Antonin"]
[Result "1-0"]
[WhiteElo "2222"]
[BlackElo "2055"]
[PlyCount "69"]
[EventDate "2014.07.16"]
[EventType "swiss (rapid)"]
[EventRounds "9"]
[EventCountry "CZE"]
[SourceTitle "EXT 2015"]
[Source "ChessBase"]
[SourceDate "2014.11.20"]
[SourceVersion "1"]
[SourceVersionDate "2014.11.20"]
[SourceQuality "1"]

1. d4 d5 2. c4 e6 3. Nf3 Nf6 4. Nc3 Be7 5. Bf4 0-0 6. e3 b6 7. cxd5 exd5 8. Be2 c5 9. 0-0 Bb7 10. Ne5 Nbd7 11. Bf3 Ne4 12. Nxd7 Nxc3 13. bxc3 Qxd7 14. a4 Rfd8 15. a5 Bc6 16. Qb1 Qb7 17. Rd1 Bf6 18. h3 h6 19. axb6 axb6 20. Rxa8 Rxa8 21. dxc5 bxc5 22. Qxb7 Bxb7 23. Bxd5 Rd8 24. c4 Kf8 25. Bc7 Rd7 26. Bb6 Be7 27. e4 g6 28. Ra1 Bxd5 29. exd5 Rb7 30. Ra6 Bd6 31. Kf1 Kg7 32. Ke2 Re7+ 33. Kd3 Re1 34. Ba5 Ra1 35. Bc3+ 1-0

[Event "CZE-chT rap"]
[Site "Pardubice"]
[Date "2014.07.13"]
[Round "7.2"]
[White "Kovar, Vojtech"]
[Black "Duda, Antonin"]
[Result "0-1"]
[WhiteElo "2279"]
[BlackElo "2055"]
[PlyCount "40"]
[EventDate "2014.07.10"]
[EventType "team-swiss"]
[EventRounds "7"]
[EventCountry "CZE"]
[SourceTitle "CBM 161 Extra"]
[Source "ChessBase"]
[SourceDate "2014.08.29"]
[SourceVersion "1"]
[SourceVersionDate "2014.08.29"]
[SourceQuality "1"]

1. d4 d5 2. c4 e6 3. Nc3 c5 4. cxd5 cxd4 5. Qxd4 Nc6 6. Qa4 exd5 7. Bf4 Nf6 8. e3 Bb4 9. Bb5 Bd7 10. Nge2 Qe7 11. 0-0 0-0 12. Bg5 Bd6 13. Qh4 Qe5 14. Bd3 Ne4 15. Bf4 Qe6 16. Bxd6 Qxd6 17. Nxd5 f5 18. Bc4 Kh8 19. Rad1 Ne5 20. Qe7 Nxc4 0-1

[Event "Prague op-A 11th"]
[Site "Prague"]
[Date "2012.01.19"]
[Round "8"]
[White "Duda, Antonin"]
[Black "Horyna, Josef"]
[Result "1-0"]
[WhiteElo "2032"]
[BlackElo "1903"]
[PlyCount "55"]
[EventDate "2012.01.13"]
[EventType "swiss"]
[EventRounds "9"]
[EventCountry "CZE"]
[SourceTitle "CBM 146 Extra"]
[Source "ChessBase"]
[SourceDate "2012.02.29"]
[SourceVersion "1"]
[SourceVersionDate "2012.02.29"]
[SourceQuality "1"]

1. e4 e6 2. d4 d5 3. Nc3 Nf6 4. e5 Nfd7 5. f4 c5 6. Nf3 Nc6 7. Be3 a6 8. Qd2 cxd4 9. Nxd4 Nxd4 10. Bxd4 Qc7 11. 0-0-0 b5 12. h4 Bb7 13. h5 h6 14. f5 b4 15. fxe6 fxe6 16. Ne2 Nxe5 17. Nf4 Bd6 18. Re1 Kd7 19. Qe2 b3 20. axb3 Rhf8 21. g3 Rf5 22. Bh3 Raf8 23. Bxf5 Rxf5 24. Ng6 Qa5 25. Nxe5+ Rxe5 26. Bxe5 Qa1+ 27. Kd2 Bb4+ 28. Bc3 1-0

[Event "Prague op-A 11th"]
[Site "Prague"]
[Date "2012.01.17"]
[Round "6"]
[White "Duda, Antonin"]
[Black "Sargsjan, Karen"]
[Result "1-0"]
[WhiteElo "2032"]
[BlackElo "1866"]
[PlyCount "49"]
[EventDate "2012.01.13"]
[EventType "swiss"]
[EventRounds "9"]
[EventCountry "CZE"]
[SourceTitle "CBM 146 Extra"]
[Source "ChessBase"]
[SourceDate "2012.02.29"]
[SourceVersion "1"]
[SourceVersionDate "2012.02.29"]
[SourceQuality "1"]

1. e4 c5 2. Nf3 e6 3. d4 cxd4 4. Nxd4 a6 5. g3 Qc7 6. Nc3 b5 7. Bf4 Qb6 8. a4 Nc6 9. Nxc6 dxc6 10. axb5 Bb7 11. bxa6 Bxa6 12. Bxa6 Rxa6 13. 0-0 Be7 14. Qd3 Rxa1 15. Rxa1 Qb7 16. Qd4 c5 17. Qa4+ Qd7 18. Qa8+ Qd8 19. Qc6+ Qd7 20. Ra8+ Bd8 21. Qb6 Ne7 22. Qxc5 0-0 23. Bd6 Re8 24. Ra7 Qc8 25. Bxe7 1-0

[Event "CZE-chT2C 0910"]
[Site "Czech Republic"]
[Date "2010.03.28"]
[Round "10.5"]
[White "Muron, Miroslav"]
[Black "Duda, Antonin"]
[Result "1-0"]
[WhiteElo "2179"]
[BlackElo "2056"]
[PlyCount "57"]
[EventDate "2009.10.18"]
[EventType "team-tourn"]
[EventRounds "11"]
[EventCountry "CZE"]
[SourceTitle "EXT 2011"]
[Source "ChessBase"]
[SourceDate "2010.11.26"]
[SourceVersion "1"]
[SourceVersionDate "2010.11.26"]
[SourceQuality "1"]
[WhiteTeam "Praha Dukla"]
[BlackTeam "Liberec"]
[WhiteTeamCountry "CZE"]
[BlackTeamCountry "CZE"]

1. e4 c6 2. Nc3 d5 3. g3 dxe4 4. Nxe4 Nf6 5. Bg2 Bf5 6. Nxf6+ gxf6 7. d4 e6 8. Ne2 Bd6 9. 0-0 h5 10. Nf4 Bg4 11. Qd3 Na6 12. a3 Qd7 13. c4 Bxf4 14. Bxf4 e5 15. Be3 Bh3 16. Bxh3 Qxh3 17. Qe4 h4 18. g4 0-0-0 19. dxe5 fxe5 20. Rad1 Nc7 21. f3 Rde8 22. Bxa7 Rh5 23. Qd3 Nd5 24. cxd5 e4 25. Qe2 f5 26. dxc6 fxg4 27. Qd2 Rh7 28. Qf4 Rc7 29. Qf5+ 1-0

[Event "CZE-chT2C 0910"]
[Site "Czech Republic"]
[Date "2010.02.14"]
[Round "7.5"]
[White "Duda, Antonin"]
[Black "Londyn, Radek"]
[Result "0-1"]
[WhiteElo "2056"]
[BlackElo "2316"]
[PlyCount "70"]
[EventDate "2009.10.18"]
[EventType "team-tourn"]
[EventRounds "11"]
[EventCountry "CZE"]
[SourceTitle "EXT 2011"]
[Source "ChessBase"]
[SourceDate "2010.11.26"]
[SourceVersion "1"]
[SourceVersionDate "2010.11.26"]
[SourceQuality "1"]
[WhiteTeam "Liberec"]
[BlackTeam "Lysa nad Labem II"]
[WhiteTeamCountry "CZE"]
[BlackTeamCountry "CZE"]

1. e4 d6 2. d4 Nf6 3. Nc3 e5 4. dxe5 dxe5 5. Qxd8+ Kxd8 6. Bg5 Nbd7 7. 0-0-0 Bd6 8. f3 h6 9. Be3 Ke7 10. Nb5 a6 11. Rxd6 cxd6 12. Nc7 Rb8 13. Ba7 b5 14. Bxb8 Nxb8 15. c4 bxc4 16. Ne2 Bb7 17. Nc3 Rc8 18. N7d5+ Nxd5 19. exd5 Nd7 20. Be2 Nb6 21. f4 Nxd5 22. Bf3 Nxc3 23. Bxb7 Nxa2+ 24. Kb1 Rc7 25. Bxa6 Nb4 26. Bb5 e4 27. Kc1 Rb7 28. Ba4 Nd3+ 29. Kd2 Rxb2+ 30. Kc3 Rxg2 31. Kd4 Nxf4 32. Kxe4 Ne6 33. Rb1 Rxh2 34. Rb7+ Kf6 35. Kd5 Nc5 0-1

[Event "Liberec op"]
[Site "Liberec"]
[Date "2007.11.17"]
[Round "9"]
[White "Duda, Antonin"]
[Black "Maliszewski, Jaroslaw"]
[Result "1-0"]
[WhiteElo "2052"]
[BlackElo "1928"]
[PlyCount "51"]
[EventDate "2007.11.10"]
[EventType "swiss"]
[EventRounds "9"]
[EventCountry "CZE"]
[SourceTitle "CBM 121 Extra"]
[Source "ChessBase"]
[SourceDate "2008.01.10"]
[SourceVersion "1"]
[SourceVersionDate "2008.01.10"]
[SourceQuality "1"]

1. e4 c5 2. Nf3 Nc6 3. d4 cxd4 4. Nxd4 g6 5. Nc3 Bg7 6. Be3 Nf6 7. Bc4 0-0 8. Bb3 a6 9. f3 b5 10. Qd2 Bb7 11. h4 h5 12. 0-0-0 Ne5 13. Bh6 Qb6 14. Bxg7 Kxg7 15. Qg5 Nc4 16. Nf5+ Kg8 17. Nxe7+ Kh7 18. Bxc4 bxc4 19. e5 Ng8 20. Rd6 Qd8 21. Nxg6 Qxg5+ 22. hxg5 Rfe8 23. Rxh5+ Kg7 24. Nf4 Bc6 25. g6 f6 26. Rh7+ 1-0